| 000 | 005900000a22001810004500 | ||
|---|---|---|---|
| 003 | MACL | ||
| 005 | 20160608151418.0 | ||
| 008 | 160608b xxu||||| |||| 00| 0 eng d | ||
| 040 |
_aMACL _cMACL |
||
| 041 | _aHindi | ||
| 082 | _a954 | ||
| 100 |
_aसं शर्मा, महेश चंद्र _963135 |
||
| 245 |
_aविभाजन अस्वीकार _cसं महेश चंद्र शर्मा |
||
| 260 |
_bप्रभात प्रकाशन _c1998 _aदिल्ली |
||
| 350 | _a300 | ||
| 650 |
_aIndian History _9227 |
||
| 942 |
_cHIN _k954 _2ddc |
||
| 999 |
_c9800 _d9800 |
||